Пропуск в контексте

Судебная медико-социальная экспертиза: правовые и организационные основы стандарт

<p>Целью издания является изучение правовых основ судебной медико-социальной экспертизы и судебно-экспертной деятельности в учреждениях медико-социальной экспертизы при проведении врачами по медико-социальной экспертизе судебных медико-социальных экспертиз по определениям судов в рамках гражда...

Fuld beskrivelse

Сохранить в:
Bibliografiske detaljer
Format: Книга
Fag:
Online adgang:https://www.studentlibrary.ru/book/ISBN9785970416648.html
Tags: Tilføj Tag
Ingen Tags, Vær først til at tagge denne postø!
LEADER 03148nam a2200289 4500
001 book/ISBN9785970416648
005 20250903142001.0
010 |a 978-5-9704-1664-8 
100 |a 20140426c2010 u y0rusy50 ca 
101 | |a rus 
102 |a RU 
105 |a ||||||||000yy 
200 1 |a Судебная медико-социальная экспертиза: правовые и организационные основы  |e стандарт  |f Пузин С.Н., Клевно В.А., Лаврова Д.И., Дымочка М.А. 
210 1 |a Москва  |c ГЭОТАР-Медиа  |d 2010 
215 |a 128 c. 
330 |a <p>Целью издания является изучение правовых основ судебной медико-социальной экспертизы и судебно-экспертной деятельности в учреждениях медико-социальной экспертизы при проведении врачами по медико-социальной экспертизе судебных медико-социальных экспертиз по определениям судов в рамках гражданского судопроизводства.</p><p>Издание составлено в соответствии с государственным образовательным стандартом дополнительного профессионального образования по специальности "Медико-социальная экспертиза" и отвечает требованиям образовательной программы профессиональной переподготовки и повышения квалификации "Организационно-методические основы медико-социальной экспертизы и реабилитации инвалидов" для врачей по медико-социальной экспертизе.</p><p>Предназначено для руководителей учреждений медико-социальной экспертизы, врачей по медико-социальной экспертизе, судей и адвокатов, а также ординаторов, аспирантов, слушателей и преподавателей государственных образовательных учреждений высшего и дополнительного профессионального образования.</p> 
610 0 |a Судебно-медицинская экспертиза 
610 0 |a Судебная медицина 
610 0 |a Науки о здоровье и профилактическая медицина 
610 0 |a Фундаментальная медицина 
701 1 |a Пузин  |b С.Н. 
701 1 |a Клевно  |b В.А. 
701 1 |a Лаврова  |b Д.И. 
701 1 |a Дымочка  |b М.А. 
801 0 |a RU  |b Geotar  |c 20140426  |g RCR  |2 rusmarc 
801 1 |a RU  |b Geotar  |c 20140426 
856 4 |u https://www.studentlibrary.ru/book/ISBN9785970416648.html 
Cannot write session to /tmp/vufind_sessions/sess_vcff6drkqmov8v4oo3s1o732e5